Thermodynamics (Record no. 8344)

000 -LEADER
fixed length control field 00603nam a2200217 i 4500
001 - CONTROL NUMBER
control field 8344
003 - CONTROL NUMBER IDENTIFIER
control field BD-DhUET
008 - FIXED-LENGTH DATA ELEMENTS--GENERAL INFORMATION
fixed length control field 770308s1978 nyua b 001 0 eng
020 ## - INTERNATIONAL STANDARD BOOK NUMBER
International Standard Book Number 0023355301
040 ## - CATALOGING SOURCE
Original cataloging agency DLC
Transcribing agency DLC
Modifying agency BD-DhUET
082 ## - DEWEY DECIMAL CLASSIFICATION NUMBER
Classification number 621.01
Item number FAI/1970
100 ## - MAIN ENTRY--PERSONAL NAME
Personal name Faires, Virgil Moring
245 10 - TITLE STATEMENT
Title Thermodynamics
Statement of responsibility, etc. by Virgil Moring Faires and Clifford Max Simmang
250 ## - EDITION STATEMENT
Edition statement 6th ed.
260 ## - PUBLICATION, DISTRIBUTION, ETC. (IMPRINT)
Place of publication, distribution, etc. New York
Name of publisher, distributor, etc. Macmillan
Date of publication, distribution, etc. 1970
300 ## - PHYSICAL DESCRIPTION
Extent xxiii, 647 p.
Other physical details ill.
Dimensions 26 cm.
504 ## - BIBLIOGRAPHY, ETC. NOTE
Bibliography, etc Includes bibliographies
650 #0 - SUBJECT ADDED ENTRY--TOPICAL TERM
Topical term or geographic name as entry element Thermodynamics
700 ## - ADDED ENTRY--PERSONAL NAME
Personal name Simmang, Clifford Max
942 ## - ADDED ENTRY ELEMENTS (KOHA)
Koha item type General Book
Holdings
Sublocation or collection (holding branch) Koha item type Copy number Location (home branch) Not for loan Shelving location Source of classification or shelving scheme Withdrawn status Koha date last seen Date acquired Damaged status Koha normalized classification for sorting Lost status Piece designation (barcode) Price effective from Koha full call number
Central Library, BUETGeneral Book1Central Library, BUET Circulation section  2015-01-202015-01-20 621_010000000000000_FAI_1978 429432015-01-20621.01/FAI/1978
Central Library, BUETRental Item৬/ক-১Central Library, BUET Rental section  2024-12-111985-06-11 621_010000000000000_FAI_1970 631352024-12-11621.01 FAI/1970
Central Library, BUETRental Item৬/ক-২Central Library, BUET Rental section  2024-12-111985-06-11 621_010000000000000_FAI_1970 631362024-12-11621.01 FAI/1970
Central Library, BUETRental Item৬/ক-৩Central Library, BUET Rental section  2024-12-111985-06-11 621_010000000000000_FAI_1970 631372024-12-11621.01 FAI/1970
Central Library, BUETRental Item৬/ক-৪Central Library, BUET Rental section  2024-12-111985-06-11 621_010000000000000_FAI_1970 631382024-12-11621.01 FAI/1970
Central Library, BUETRental Item৬/ক-৫Central Library, BUET Rental section  2024-12-111985-06-11 621_010000000000000_FAI_1970 631392024-12-11621.01 FAI/1970
Central Library, BUETRental Item৬/ক-৬Central Library, BUET Rental section  2024-12-111985-06-11 621_010000000000000_FAI_1970 631402024-12-11621.01 FAI/1970
Central Library, BUETRental Item৬/ক-৭Central Library, BUET Rental section  2024-12-111985-06-11 621_010000000000000_FAI_1970 631412024-12-11621.01 FAI/1970
Central Library, BUETRental Item৬/ক-৮Central Library, BUET Rental section  2024-12-111985-06-11 621_010000000000000_FAI_1970 631422024-12-11621.01 FAI/1970
Central Library, BUETRental Item৬/ক-৯Central Library, BUET Rental section  2024-12-111985-06-11 621_010000000000000_FAI_1970 631432024-12-11621.01 FAI/1970
Central Library, BUETRental Item৬/ক-১০Central Library, BUET Rental section  2024-12-111985-06-11 621_010000000000000_FAI_1970 631442024-12-11621.01 FAI/1970
Central Library, BUETRental Item৬/ক-১১Central Library, BUET Rental section  2024-12-111985-06-11 621_010000000000000_FAI_1970 631452024-12-11621.01 FAI/1970
Central Library, BUETRental Item৬/ক-১২Central Library, BUET Rental section  2024-12-111985-06-11 621_010000000000000_FAI_1970 631462024-12-11621.01 FAI/1970
Central Library, BUETRental Item৬/ক-১৩Central Library, BUET Rental section  2024-12-111985-06-11 621_010000000000000_FAI_1970 631472024-12-11621.01 FAI/1970
Central Library, BUETRental Item৬/ক-১৪Central Library, BUET Rental section  2024-12-111985-06-11 621_010000000000000_FAI_1970 631482024-12-11621.01 FAI/1970
Central Library, BUETRental Item৬/ক-১৫Central Library, BUET Rental section  2024-12-111985-06-11 621_010000000000000_FAI_1970 631492024-12-11621.01 FAI/1970
Central Library, BUETRental Item৬/ক-১৬Central Library, BUET Rental section  2024-12-111985-06-11 621_010000000000000_FAI_1970 631502024-12-11621.01 FAI/1970
Central Library, BUETRental Item৬/ক-১৭Central Library, BUET Rental section  2024-12-111985-06-11 621_010000000000000_FAI_1970 631512024-12-11621.01 FAI/1970
Central Library, BUETRental Item৬/ক-১৮Central Library, BUET Rental section  2024-12-111985-06-11 621_010000000000000_FAI_1970 631522024-12-11621.01 FAI/1970
Central Library, BUETRental Item৬/ক-১৯Central Library, BUET Rental section  2024-12-111985-06-11 621_010000000000000_FAI_1970 631532024-12-11621.01 FAI/1970
Central Library, BUETRental Item৬/ক-২০Central Library, BUET Rental section  2024-12-111985-06-11 621_010000000000000_FAI_1970 631542024-12-11621.01 FAI/1970